El problema del mal
Shranjeno v:
| Glavni avtor: | |
|---|---|
| Format: | Knjiga |
| Jezik: | španščina |
| Izdano: |
Andorra la Vieja
Casal i Vall
1959
|
| Serija: | Yo Sé-Yo Creo, La Encoclopedia del Católico en el Siglo XX
|
| Teme: | |
| Oznake: |
Označite
Brez oznak, prvi označite!
|
MARC
| LEADER | 00000nam a2200000 a 4500 | ||
|---|---|---|---|
| 001 | UCL6646 | ||
| 003 | CL-VaPUC | ||
| 008 | 040416e19590000AN |||||||||||||||||spa|d | ||
| 082 | 0 | 4 | |a 216 |b PET |2 21 |
| 100 | 0 | |a Petit, R. P. F |e author |9 484270 | |
| 245 | 1 | 3 | |a El problema del mal |
| 300 | |a 152 p | ||
| 942 | |c BK | ||
| 945 | |d 20040416 00:00:00 |a cmena | ||
| 260 | |a Andorra la Vieja |b Casal i Vall |c 1959 | ||
| 650 | 0 | |a Bien y mal |9 311093 | |
| 650 | 0 | |a Cristianismo |9 257361 | |
| 650 | 0 | |a Comportamiento moral |9 334569 | |
| 583 | |a last modification |c 20040416 00:00:00 |k Rodrigo Vera | ||
| 490 | 0 | |a Yo Sé-Yo Creo, La Encoclopedia del Católico en el Siglo XX | |
| 999 | |c 308637 |d 308635 | ||
| 952 | |0 0 |1 0 |4 0 |6 216_000000000000000_PET_1959 |7 0 |8 A |9 375310 |a BIBTEO |b BIBTEO |d 2019-11-21 |i 2111160 |o 216 PET 1959 |p 2111160 |r 2025-01-17 |w 2019-11-21 |y BK |k ICR | ||